Statistics for Oscar Nominated Kaiju Movies

Click here to take the quiz!

General Stats

  • This quiz has been taken 3 times
  • The average score is 3 of 6

Answer Stats

YearAwardPlacementAnswer% Correct
1976Best SoundNomineeKing Kong (1976)
100%
2005Best Sound EditingWinnerKing Kong (2005)
100%
2023Best Visual EffectsWinnerGodzilla Minus One
33%
2017Best Visual EffectsNomineeKong: Skull Island
33%
1998Best Visual EffectsNomineeMighty Joe Young (1998)
0%
1954Best Special EffectsNomineeThem!
0%

Score Distribution

Percentile by Number Answered

Percent of People with Each Score

Your Score History

You have not taken this quiz